Statistics for Chicago Bulls All-Decade Teams

Click here to take the quiz!

General Stats

  • This quiz has been taken 98 times
    (30 since last reset)
  • The average score is 17 of 30

Answer Stats

DecadePositionYearsWSPlayer% Correct
1990sSG1990-1998131.1Michael Jordan
93%
1980sSG1985-198973.4Michael Jordan
93%
1990sSF1990-199893.2Scottie Pippen
93%
2020sSF/PF2022-202317.3DeMar Derozan
86%
2010sPG2010-201626.6Derrick Rose
86%
2020sSG/SF2020-202322.8Zach LaVine
83%
2010sSG/SF2012-201749.3Jimmy Butler
79%
2010sC2010-201647.1Joakim Noah
79%
1990sPF1990-199451.7Horace Grant
76%
2020sC2021-202315.2Nikola Vucevic
72%
1990sC1990-199413.7Bill Cartwright
69%
1990sPG1990-199533.5B.J. Armstrong
66%
2010sSF2010-201430.3Luol Deng
62%
2000sSF2005-200928.1Luol Deng
62%
1980sC1980-198830.1Artis Gilmore
59%
1970sC1977-197936.4Artis Gilmore
59%
1970sPF/SF1970-197747.6Bob Love
55%
2020sPG/SG2020-20238.8Coby White
55%
2000sPG/SG2004-200935.2Kirk Hinrich
55%
2000sSG2005-200928.5Ben Gordon
52%
1970sSG/SF1970-197632.6Jerry Sloan
41%
1970sSF1970-197567.0Chet Walker
28%
1980sSG/PG1980-198428.5Reggie Theus
28%
2010sPF2010-201736.8Taj Gibson
28%
2020sPF2020-20217.0Thaddeus Young
24%
2000sC/PF2002-200621.3Tyson Chandler
24%
1980sSF1982-198625.3Orlando Woolridge
21%
1970sPG1972-197839.1Norm Van Lier
17%
2000sPF/SF2005-200918.4Andres Nocioni
14%
1980sPF1980-198531.5Dave Greenwood
10%

Score Distribution

Percentile by Number Answered

Percent of People with Each Score

Your Score History

You have not taken this quiz since the last reset